[Event "Sydney op-B"]
[Site "Parramatta"]
[Date "2010.04.11"]
[Round "9"]
[White "Damaschino, Lou"]
[Black "Willathgamuwa, Kevin"]
[Result "1-0"]
[WhiteElo "1410"]
[BlackElo "602"]
[PlyCount "57"]
[EventDate "2010.04.07"]
[EventType "swiss"]
[EventRounds "9"]
[EventCountry "AUS"]
[SourceTitle "EXT 2012"]
[Source "ChessBase"]
[SourceDate "2011.11.24"]
[SourceVersion "1"]
[SourceVersionDate "2011.11.24"]
[SourceQuality "1"]

1. e4 c5 2. Nf3 Nc6 3. d4 cxd4 4. Nxd4 Nf6 5. Nc3 e5 6. Nb3 Bb4 7. f3 0-0 8. Bd2 Bxc3 9. Bxc3 Qc7 10. Be2 Rd8 11. 0-0 d5 12. Qe1 dxe4 13. Rd1 Be6 14. Qh4 exf3 15. Bxf3 Rac8 16. Rde1 Nd5 17. Be4 h6 18. Bd2 Qe7 19. Qg3 Kh8 20. Bd3 Ndb4 21. Be4 Bxb3 22. Bxh6 gxh6 23. Qxb3 Rf8 24. Qh3 Qg5 25. a3 Na6 26. Rxf7 Rcd8 27. Rh7+ Kg8 28. Qe6+ Rf7 29. Qxf7# 1-0

[Event "Sydney op-B"]
[Site "Parramatta"]
[Date "2010.04.10"]
[Round "7"]
[White "Jones, Peter"]
[Black "Damaschino, Lou"]
[Result "0-1"]
[WhiteElo "1834"]
[BlackElo "1410"]
[PlyCount "42"]
[EventDate "2010.04.07"]
[EventType "swiss"]
[EventRounds "9"]
[EventCountry "AUS"]
[SourceTitle "EXT 2012"]
[Source "ChessBase"]
[SourceDate "2011.11.24"]
[SourceVersion "1"]
[SourceVersionDate "2011.11.24"]
[SourceQuality "1"]

1. e4 c6 2. Nf3 d5 3. Nc3 dxe4 4. Nxe4 Bf5 5. Ng3 Bg6 6. Be2 Nd7 7. 0-0 Ngf6 8. b3 Qc7 9. Ba3 h5 10. Nh4 0-0-0 11. Nhf5 Bxf5 12. Nxf5 Ng4 13. Bxg4 hxg4 14. g3 Ne5 15. f3 Rxd2 16. Qxd2 Nxf3+ 17. Rxf3 gxf3 18. Re1 e6 19. Bd6 f2+ 20. Kg2 fxe1Q 21. Ne7+ Bxe7 0-1

[Event "Sydney op-B"]
[Site "Parramatta"]
[Date "2010.04.08"]
[Round "4"]
[White "Damaschino, Lou"]
[Black "Koh, Cedric"]
[Result "1/2-1/2"]
[WhiteElo "1410"]
[BlackElo "1685"]
[PlyCount "78"]
[EventDate "2010.04.07"]
[EventType "swiss"]
[EventRounds "9"]
[EventCountry "AUS"]
[SourceTitle "EXT 2012"]
[Source "ChessBase"]
[SourceDate "2011.11.24"]
[SourceVersion "1"]
[SourceVersionDate "2011.11.24"]
[SourceQuality "1"]

1. f4 d5 2. Nf3 Bf5 3. e3 e6 4. Bd3 Bg6 5. 0-0 Nf6 6. b3 Bd6 7. Bb2 Nbd7 8. Nc3 c6 9. a4 Qe7 10. Qc1 0-0 11. Ne2 e5 12. fxe5 Nxe5 13. Bxe5 Bxe5 14. Nxe5 Qxe5 15. Bxg6 hxg6 16. Rf3 g5 17. Ng3 g6 18. Qf1 Ne4 19. Nxe4 dxe4 20. d4 Qe7 21. Rf2 g4 22. g3 f5 23. h4 gxh3 24. Qc4+ Qf7 25. Qc5 Qc7 26. Kh2 Qh7 27. Raf1 Rf6 28. d5 b6 29. Qc4 Qf7 30. g4 Qxd5 31. Qxd5+ cxd5 32. gxf5 Raf8 33. Kxh3 gxf5 34. Kh4 R8f7 35. Kg5 Kg7 36. Kf4 Re6 37. Rg2+ Rg6 38. Rxg6+ Kxg6 39. Ke5 Rd7 1/2-1/2

[Event "Doeberl Cup Minor 48th"]
[Site "Canberra"]
[Date "2010.04.03"]
[Round "4"]
[White "Damaschino, Lou"]
[Black "Patterson, Philip"]
[Result "1-0"]
[WhiteElo "1410"]
[BlackElo "1297"]
[PlyCount "63"]
[EventDate "2010.04.02"]
[EventType "swiss"]
[EventRounds "7"]
[EventCountry "AUS"]
[SourceTitle "EXT 2012"]
[Source "ChessBase"]
[SourceDate "2011.11.24"]
[SourceVersion "1"]
[SourceVersionDate "2011.11.24"]
[SourceQuality "1"]

1. e4 c5 2. Nf3 d6 3. b3 Nc6 4. Bb2 Nf6 5. Nc3 e6 6. d3 Be7 7. g3 d5 8. e5 Nd7 9. d4 a6 10. Bg2 cxd4 11. Ne2 Ndxe5 12. Nxe5 Nxe5 13. 0-0 0-0 14. Bxd4 Bf6 15. Rc1 b5 16. h3 Bb7 17. c4 Rc8 18. cxd5 Bxd5 19. Rxc8 Qxc8 20. Bxd5 exd5 21. Bxe5 Bxe5 22. Qxd5 Bf6 23. Rc1 Qxh3 24. Nf4 Qg4 25. Rc6 Rd8 26. Rd6 Qg5 27. Rxd8+ Bxd8 28. Qc6 h5 29. Qe8+ Kh7 30. Qe4+ g6 31. Qb7 Kg7 32. Ne6+ 1-0

[Event "Doeberl Cup Minor 48th"]
[Site "Canberra"]
[Date "2010.04.02"]
[Round "1"]
[White "Jochimsen, Erik"]
[Black "Damaschino, Lou"]
[Result "0-1"]
[WhiteElo "1164"]
[BlackElo "1410"]
[PlyCount "90"]
[EventDate "2010.04.02"]
[EventType "swiss"]
[EventRounds "7"]
[EventCountry "AUS"]
[SourceTitle "EXT 2012"]
[Source "ChessBase"]
[SourceDate "2011.11.24"]
[SourceVersion "1"]
[SourceVersionDate "2011.11.24"]
[SourceQuality "1"]

1. d4 Nf6 2. e3 g6 3. Bd3 Bg7 4. Ne2 d6 5. Ng3 Nbd7 6. 0-0 0-0 7. c3 b6 8. Nd2 a5 9. Nf3 Ba6 10. Bxa6 Rxa6 11. Qd3 Qc8 12. e4 e5 13. d5 a4 14. h3 Nc5 15. Qe2 Ra8 16. Bg5 h6 17. Bxf6 Bxf6 18. Nd2 Bg7 19. b4 Nd7 20. a3 f5 21. f3 f4 22. Nh1 Nf6 23. Kf2 c6 24. c4 Qd7 25. Rac1 h5 26. Ke1 Rfc8 27. Kf2 h4 28. Qe1 b5 29. Ke2 g5 30. Qf2 cxd5 31. cxd5 Bf8 32. Rfd1 Be7 33. Nb1 Bd8 34. Nc3 Rab8 35. Qf1 Rc4 36. Ke1 Rbc8 37. Na2 Bb6 38. Rxc4 Rxc4 39. Qe2 Qc7 40. Nf2 Be3 41. Ng4 Nxg4 42. hxg4 Rc2 43. Qxb5 Rxa2 44. Qe8+ Kg7 45. Qxa4 Bf2+ 0-1

[Event "Doeberl Cup Minor 47th"]
[Site "Canberra"]
[Date "2009.04.10"]
[Round "2"]
[White "Damaschino, Lou"]
[Black "Bennett, Matthew"]
[Result "0-1"]
[WhiteElo "1283"]
[BlackElo "974"]
[PlyCount "50"]
[EventDate "2009.04.10"]
[EventType "swiss"]
[EventRounds "6"]
[EventCountry "AUS"]
[SourceTitle "CBM 129 Extra"]
[Source "ChessBase"]
[SourceDate "2009.05.05"]
[SourceVersion "2"]
[SourceVersionDate "2009.05.20"]
[SourceQuality "1"]

1. e4 e6 2. Nf3 d5 3. d3 dxe4 4. Nfd2 exd3 5. Bxd3 Nf6 6. 0-0 b6 7. Qf3 Qd5 8. Qxd5 Nxd5 9. c4 Nf6 10. Nc3 Bb7 11. Nde4 Nxe4 12. Bxe4 Nc6 13. Bf4 0-0-0 14. Rad1 f5 15. Bxc6 Bxc6 16. Rxd8+ Kxd8 17. Rd1+ Kc8 18. Nb5 Bxb5 19. cxb5 Bc5 20. Rc1 Rd8 21. b4 Bd6 22. Bg5 Rd7 23. a3 h6 24. Bh4 g5 25. Bg3 f4 0-1